Estadísticas para Banderas del Mediterráneo

Haz click aquí para intentar la prueba.

Estadísticas generales

  • Esta prueba ha sido intentada 5.132 veces
  • La puntuación promedio es 19 de 21

Estadísticas de respuestas

Respuesta% Correcto
Francia
100%
España
99%
Grecia
99%
Israel
99%
Italia
99%
Turquía
97%
Albania
95%
Chipre
95%
Croacia
95%
Egipto
93%
Marruecos
89%
Túnez
88%
Bosnia y Herzegovina
87%
Líbano
87%
Malta
86%
Argelia
83%
Eslovenia
83%
Mónaco
82%
Montenegro
80%
Siria
79%
Libia
71%

Distribución de puntuación

Porcentaje por número respondido

Porcentaje de gente con cada puntuación

Historial de tus puntuaciones

No has intentado esta prueba.